Movies by genre and actors who played /Tytuł filmu na podstawie aktorów i gatunku - Statistics

General Stats
  • This quiz has been taken 38 times
  • The average score is 26 of 70
Answer Stats
Year Genre Actors Movie % Correct
1994 Crime, Drama John Travolta, Uma Thurman Pulp Fiction
83%
2001 Fantasy Viggo Mortensen, Ian McKellen The Lord of the Rings trilogy
73%
2000 Action, Adventure Russel Crowe, Joaquin Phoenix Gladiator
70%
2012 Western Jamie Foxx, Christopher Waltz Django Unchained
67%
1994 Drama Tim Robbins, Morgan Freeman The Shawshank Redemption
67%
1994 Crime, Drama Jean Reno, Natalie Portman Leon: The Proffessional
63%
2008 Action, Crime Christian Bale, Heath Ledger The Dark Knight
63%
1999 Drama Edward Norton, Brad Pitt Fight Club
60%
2014 Adventure, Sci-Fi Matthew McConaughey, Anne Hathaway Interstellar
60%
1990 Crime, Drama Ray Liotta, Robert De Niro Goodfellas
57%
1983 Crime, Drama Al Pacino, Michelle Pfeiffer Scarface
57%
1991 Crime, Thriller Anthony Hopkins, Jodie Foster The Silence of the Lambs
57%
2001 Biography, Drama Russel Crowe, Jennifer Connelly A Beautiful Mind
53%
1995 Crime, Drama Kevin Spacey, Brad Pitt Se7en
53%
1976 Crime, Drama Robert De Niro, Jodie Foster Taxi Driver
53%
2010 Action, Sci-Fi Tom Hardy, Leonardo DiCaprio Inception
50%
1986 Drama, War Willem Dafoe, Charlie Sheen Platoon
50%
1988 Drama Dustin Hoffman, Tom Cruise Rain Man
50%
1995 Crime, Drama Joe Pesci, Sharon Stone Casino
47%
2009 Action, Adventure Robert Downey Jr., Jude Law Sherlock Holmes
47%
1993 Biography, Drama Liam Neeson, Ralph Fiennes Schindler's List
43%
1995 Action, Crime Val Kilmer, Al Pacino Heat
40%
2007 Crime, Thriller Javier Bardem, Tommy Lee Jones No Country for Old Men
40%
1992 Crime, Drama Harvey Keitel, Steve Buscemi Reservoir Dogs
40%
2010 Thriller Leonardo DiCaprio, Mark Ruffalo Shutter Island
40%
1997 Drama, Mystery Keanu Reeves, Al Pacino The Devil's Advocate
40%
2006 Drama, Mystery Hugh Jackman, Christian Bale The Prestige
40%
2013 Biography, Comedy Leonardo DiCaprio, Jonah Hill The Wolf of Wall Street
40%
2014 Drama, Music Miles Teller, J.K Simmons Whiplash
40%
1995 Biography, Drama Mel Gibson, Sophie Marceau Braveheart
37%
1999 Biography, Drama Winona Ryder, Angelina Jolie Girl, Interrupted
37%
2014 Crime, Mystery Ben Affleck, Rosamund Pike Gone Girl
37%
1997 Drama Matt Damon, Robin Williams Good Will Hunting
37%
2001 Drama, Sci-Fi Jeff Bridges, Kevin Spacey K-PAX
37%
2004 Drama, Sport Clint Eastwood, Hillary Swank Million Dollar Baby
37%
2015 Drama, Sci-Fi Matt Damon, Jessica Chastain The Martian
37%
2009 Adventure, War Christopher Waltz, Michael Fassbender Inglourious Basterds
33%
2003 Crime, Mystery Sean Penn, Kevin Bacon Mystic River
33%
1993 Action, Crime Harrison Ford, Tommy Lee Jones The Fugitive
33%
1997 Drama, Thriller Michael Douglas, Sean Penn The Game
33%
1992 Drama, Western Clint Eastwood, Gene Hackman Unforgiven
33%
2001 Drama, War Jude Law, Joseph Fiennes Enemy at the Gates
30%
2004 Action, Crime Denzel Washington, Dakota Fanning Man on Fire
30%
2001 Crime, Thriller George Clooney, Brad Pitt Ocean's Eleven
30%
2000 Drama Ellen Burstyn, Jared Leto Requiem for a Dream
30%
2007 Adventure, Comedy Jack Nicholson, Morgan Freeman The Bucket List
30%
2007 Biography, Crime Denzel Washington, Russel Crowe American Gangster
27%
2013 Crime, Mystery Hugh Jackman, Jake Gyllenhaal Prisoners
27%
2010 Action, Sport Mark Wahlberg, Christian Bale The Fighter
27%
2011 Crime, Drama Daniel Craig, Rooney Mara The Girl with the Dragon Tattoo
27%
2010 Biography, Drama Colin Firth, Helena Bonham Carter The King's Speech
27%
2004 Drama, Romance Ryan Gosling, Rachel McAdams The Notebook
27%
2001 Biography, Drama Johnny Depp, Penelope Cruz Blow
23%
2013 Biography, Drama Matthew McConaughey, Jared Leto Dallas Buyers Club
23%
2009 Crime, Thriller Gerard Butler, Jamie Foxx Law Abiding Citizen
23%
1994 Crime, Drama Woody Harrelson, Juliette Lewis Natural Born Killers
23%
2006 Drama, Mystery Edward Norton, Jessica Biel The Illusionist
23%
2010 Drama, Thriller Natalie Portman, Vincent Cassel Black Swan
20%
1998 Adventure, Comedy Johnny Depp, Benicio Del Toro Fear and Loathing in Las Vegas
20%
1996 Crime, Mystery Richard Gere, Edward Norton Primal Fear
20%
2008 Drama Will Smith, Rosario Dawson Seven Pounds
20%
2007 Crime, Drama Anthony Hopkins, Ryan Gosling Fracture
17%
2006 Crime, Mystery Denzel Washington, Clive Owen Inside Man
17%
2003 Crime, Drama Sean Penn, Naomi Watts 21 grams
13%
1993 Crime, Thriller Al Pacino, Sean Penn Carlito's Way
13%
1993 Crime, Thriller Michael Douglas, Robert Duvall Falling Down
13%
2008 Drama, Romance Kate Winslet, Ralph Fiennes The Reader
13%
2008 Biography, Mystery Angelina Jolie, John Malkovich Changeling
10%
2005 Crime, Thriller Nicolas Cage, Jared Leto Lord of War
10%
2013 Crime, Mystery Geoffrey Rush, Donald Sutherland The Best Offer
10%
No matching quizzes found
Score Distribution
Percent of People with Each Score
Percentile by Number Answered
Your Score History
You have not taken this quiz